000 00613nam a2200193Ia 4500
005 20250508170328.0
008 008 250505s9999 xx 000 0 eng d
037 _aReference
040 _aFEDL
_beng
_cFEDL
041 _aeng
_2eng
084 _a372, CPR
_qFEDL
100 _aJha Jyotsna
_9460053
245 0 _aElementary education for the poorest and other deprived groups: The real challenge of universalisation
260 _aNew Delhi, India
_bCentre for Policy Research
_c2002
300 _a255p.
700 _a Jhingran Dhir
_9783860
942 _cREF
_h372, CPR
999 _c1400446
_d1400446